000 00629nam a2200193 i 4500
001 183387
003 ES-MaACL
005 20250815070154.0
008 140411s1912 it | |||| ||ita d
100 1 _aBerchet, Giovanni (
_d1783-1851)
_9154688
245 1 0 _aOpere.
_nII,
_pScritti critici e letterari /
_cGivanni Berchet ; a cura di Egidio Bellorini.
260 _aBari :
_bGius. Laterza & Figli,
_c1912.
300 _a256 p. ;
_c21 cm.
490 1 _aScrittori d'Italia ;
_v27
700 1 _aBellorini, Egidio.
_927271
830 0 0 _aScrittori d'Italia
_v27
_9191925
852 _aES-MaACL
_jG-3728
999 _c183387
_d183387